বাজেটীয় নিয়ন্ত্রন ও মান-ব্যয় / (Record no. 44505)
[ view plain ]
| 000 -LEADER | |
|---|---|
| fixed length control field | 00905nam a2200229 a 4500 |
| 001 - CONTROL NUMBER | |
| control field | 44505 |
| 003 - CONTROL NUMBER IDENTIFIER | |
| rucl marc code | BD-RjUL |
| 005 - DATE AND TIME OF LATEST TRANSACTION | |
| control field | 20211209053853.0 |
| 008 - FIXED-LENGTH DATA ELEMENTS--GENERAL INFORMATION | |
| fixed length control field | 160718s1976 bg ||||| |||| 00| 0 ben d |
| 020 ## - INTERNATIONAL STANDARD BOOK NUMBER | |
| Terms of availability | : Tk. 34.00 |
| 035 ## - SYSTEM CONTROL NUMBER | |
| System control number | (BD-RjUL)44623 |
| 040 ## - CATALOGING SOURCE | |
| Original cataloging agency | BD-RjUL |
| Language of cataloging | ben |
| Transcribing agency | BD-RjUL |
| 041 ## - LANGUAGE CODE | |
| Language code of text/sound track or separate title | ben |
| 082 ## - DEWEY DECIMAL CLASSIFICATION NUMBER | |
| Edition number | 23 |
| Classification number | 658.154 |
| Author mark and year | DAB 1976 |
| 100 1# - MAIN ENTRY--PERSONAL NAME | |
| Personal name | দাস, নিখিল রঞ্জন |
| 9 (RLIN) | 136591 |
| 245 10 - TITLE STATEMENT | |
| Title | বাজেটীয় নিয়ন্ত্রন ও মান-ব্যয় / |
| Statement of responsibility, etc. | নিখিল রঞ্জন দাস |
| 260 ## - PUBLICATION, DISTRIBUTION, ETC. (IMPRINT) | |
| Place of publication, distribution, etc. | ঢাকা : |
| Name of publisher, distributor, etc. | বাংলা একাডেমী, |
| Date of publication, distribution, etc. | ১৯৭৬ |
| 300 ## - PHYSICAL DESCRIPTION | |
| Pagination | ৪২০ পৃ. : |
| Illustrations | চিত্র ; |
| Size | ২৪ সেমি. |
| 650 ## - SUBJECT ADDED ENTRY--TOPICAL TERM | |
| Topical term or geographic name as entry element | ব্যবসা বাজেট |
| Form subdivision | কস্ট অ্যাকাউন্টিং |
| 9 (RLIN) | 136592 |
| Topical term or geographic name as entry element | Budget in business |
| Form subdivision | Cost accounting |
| 9 (RLIN) | 136593 |
| 942 ## - ADDED ENTRY ELEMENTS (KOHA) | |
| Source of classification or shelving scheme | Dewey Decimal Classification |
| Koha item type | Books |
| Lost status | Source of classification or shelving scheme | Damaged status | Not for loan | Collection code | Permanent Location | Current Location | Shelving location | Date acquired | Source of acquisition | Cost, normal purchase price | Total Checkouts | Full call number | Date last seen | Copy number | Koha item type |
|---|---|---|---|---|---|---|---|---|---|---|---|---|---|---|---|
| Dewey Decimal Classification | Non-fiction | Central Library, University of Rajshahi | Central Library, University of Rajshahi | 30/06/1981 | Aligor Library, Rajshahi | 34.00 | B 658.154 DAB 1976 | 18/07/2016 | C-2 | Books | |||||
| Dewey Decimal Classification | Non-fiction | Central Library, University of Rajshahi | Central Library, University of Rajshahi | 14/03/1984 | Bangla Academy, Dhaka | 34.00 | B 658.154 DAB 1976 | 26/09/2016 | C-3 | Books |